000 00442nam a2200157Ia 4500
005 20250508152029.0
008 008 250505s9999 xx 000 0 eng d
037 _aTextual
040 _aFEDL
_beng
_cFEDL
041 _aeng
_2eng
084 _a378.54, IND
_qFEDL
245 0 _aHand book of Indian universities. 2 Vols
245 0 _cIndia,. Inter-University Board
942 _cTEXL
_h378.54, IND
999 _c1333755
_d1333755